000 00362nam a2200121 4500
999 _c10035
_d10035
008 180726b ||||| |||| 00| 0 eng d
100 _929641
_aMateo, Janvic
245 _aSchools told to enforce anti-violence measures/
_cJanvic Mateo
260 _aPhilippines
_bThe Philippine Star
_cc2017
300 _apage 10.
650 0 _929642
_aViolence.
942 _2ddc
_cPER